| 000 | 00890aam a2200265 a 4500 | ||
|---|---|---|---|
| 001 | 015102982 | ||
| 003 | OSt | ||
| 005 | 20201128021001.0 | ||
| 008 | 090206s2009 enk b 001 0 eng | ||
| 020 | _a9780199213610 (pbk.) : | ||
| 020 | _a0199213615 (pbk.) : | ||
| 041 | 1 |
_aeng _hgrc |
|
| 082 | 0 | 0 |
_a171.3 _222 _bARI |
| 100 | 0 |
_91117 _aAristotle |
|
| 240 | 1 | 0 |
_aNicomachean ethics. _lEnglish |
| 245 | 1 | 4 |
_aThe Nicomachean ethics / _cAristotle ; translated by David Ross ; revised with an introduction and notes by Lesley Brown. |
| 260 |
_aOxford : _bOxford University Press, _c2009. |
||
| 300 |
_axliii, 277 p. ; _c20 cm. |
||
| 504 | _aIncludes bibliographical references and index. | ||
| 650 | 0 |
_aEthics. _934283 |
|
| 653 |
_bPol _cOctober2013 |
||
| 700 | 1 |
_aRoss, W. D. _q(William David), _d1877-1971. _934284 |
|
| 700 | 1 |
_aBrown, Lesley, _d1944- _934285 |
|
| 942 |
_2ddc _cBB _k171.3 ARI |
||
| 999 |
_c17704 _d17676 |
||